<?xml version="1.0" encoding="UTF-8"?>
<marc:record xmlns:marc="http://www.loc.gov/MARC21/slim">
   <marc:leader>00000nam a2200000 a 4500</marc:leader>
   <marc:datafield ind1="1" ind2=" " tag="100">
      <marc:subfield code="a">Gamble, Luke</marc:subfield>
      <marc:subfield code="4">aut</marc:subfield>
      <marc:subfield code="e">Verfasser/-in</marc:subfield>
   </marc:datafield>
   <marc:datafield ind1="0" ind2="0" tag="245">
      <marc:subfield code="a">Der geraubte Phönix</marc:subfield>
   </marc:datafield>
   <marc:datafield ind1="0" ind2="0" tag="245">
      <marc:subfield code="c">Luke Gamble</marc:subfield>
   </marc:datafield>
   <marc:datafield ind1=" " ind2="1" tag="264">
      <marc:subfield code="a">München</marc:subfield>
      <marc:subfield code="b">dtv</marc:subfield>
      <marc:subfield code="c">2024</marc:subfield>
   </marc:datafield>
   <marc:datafield ind1="1" ind2=" " tag="490">
      <marc:subfield code="a">Die Gesellschaft der geheimen Tiere</marc:subfield>
      <marc:subfield code="v">2</marc:subfield>
   </marc:datafield>
   <marc:datafield ind1=" " ind2=" " tag="250">
      <marc:subfield code="a">1. Auflage</marc:subfield>
   </marc:datafield>
   <marc:datafield ind1="1" ind2=" " tag="520">
      <marc:subfield code="a">Auf den Spuren des Feuervogels &#xD;
Die Weihnachtsferien sind da! Edith ist voller Vorfreude, ihren Onkel wiederzusehen, den Tierarzt für magische und mythische Wesen. Diesmal wartet ein noch viel gewaltigeres Abenteuer auf sie, denn der seltene Phönix des Nordens, einer von weltweit sechs Phönixen, scheint in größter Gefahr. Hält man ihn gefangen? Wird er gequält? Warum finden die anderen Tiere eine goldene Schwanzfeder, aber keine Spur von ihm? Edith, der Doktor, Francis und Hund Arnold machen sich auf den Weg in den Bayerischen Wald, um Licht in das Dunkel zu bringen. Dabei gewinnt Edith die Freundschaft eines mutigen Jungen. Gemeinsam mit ihm trifft sie auf einen eigentümlichen Mann in Mönchskutte und deckt ein Geheimnis auf, das jede Vorstellungskraft sprengt.</marc:subfield>
   </marc:datafield>
   <marc:datafield ind1=" " ind2=" " tag="020">
      <marc:subfield code="a">9783423641159</marc:subfield>
      <marc:subfield code="9">9783423641159</marc:subfield>
   </marc:datafield>
   <marc:datafield ind1=" " ind2=" " tag="020">
      <marc:subfield code="a">3423641150</marc:subfield>
      <marc:subfield code="9">3423641150</marc:subfield>
   </marc:datafield>
   <marc:datafield ind1=" " ind2=" " tag="041">
      <marc:subfield code="a">ger</marc:subfield>
   </marc:datafield>
   <marc:datafield ind1=" " ind2=" " tag="300">
      <marc:subfield code="a">346 Seiten</marc:subfield>
   </marc:datafield>
</marc:record>
